| 000 | 00738nam a2200229 a 4500 | ||
|---|---|---|---|
| 001 | 1836 | ||
| 003 | CO-ViMGA | ||
| 008 | 141112s2004 ck r 000 u spa d | ||
| 040 |
_aCO-ViMGA _bspa _cCO-ViMGA |
||
| 082 | 0 | 4 | _a928 C677g |
| 100 | 1 |
_aCossio, María Teresa _950379 |
|
| 245 | 1 | 0 |
_aGarcilaso, Cervantes, Shakespeare / _cCossio M. Teresa , Motta Teresita , Zachino B M¬ Cristina |
| 260 |
_aBuenos Aires, _cLumen, _c1996 |
||
| 300 | _a94 p | ||
| 650 | 1 | 4 |
_aCERVANTES SAAVEDRA, MIGUEL DE _950380 |
| 650 | 1 | 4 |
_aESCRITORES - BIOGRAFIAS _950381 |
| 650 | 1 | 4 |
_aMotta, teresita _950382 |
| 650 | 1 | 4 |
_aSHAKESPEARE, WILLIAM _950383 |
| 650 | 1 | 4 |
_aVEGA, GARCILASO DE LA _950384 |
| 650 | 1 | 4 |
_aZacchino, Maria Cristina _950385 |
| 942 |
_2ddc _cBK |
||
| 999 |
_c13991 _d13991 |
||